00228nam a2200085Ia 4500008004100000245003300041260004200074260000900116999001700125170620s9999 xx 000 0 und d 0aMethods of Teaching Commerce bNew Delhi- Discovery Publishing House c2006 c24439d24439